000 00629nam a22001937a 4500
005 20241114171940.0
010 _aENG-142626
020 _a9789361598784
_c860.00
035 _aEN-126158
037 _bDBAD
082 _a512.5
100 _aSharma, Om
_973973
245 _a2025 - JEE Advanced:
_cBy Om Sharma
_bMathematics - Coordinate Geometry/
250 _a1
260 _aUttar Pradesh
_bPearson India Education Services Pvt. Ltd.
_c2025
270 _a1st Floor, Berger Tower, Plot No. C-001A/2, Sector 16B
_bNoida (Uttar Pradesh)
_e201301
300 _avp.
_c25cm(pb)
942 _2ddc
_cEN
_h512.5
_mSHA
999 _c206999
_d206999